| 000 | 00552nam a22001937a 4500 | ||
|---|---|---|---|
| 003 | OSt | ||
| 005 | 20140731213002.0 | ||
| 008 | 130522b xxu||||| |||| 00| 0 eng d | ||
| 040 |
_aBMC _cBMC |
||
| 082 | _a869.3 | ||
| 100 |
_9622 _aDinis, Júlio _d1839-1871 |
||
| 245 |
_aLa mayorazguita de los cañaverales _cJulio Diniz ; [traducción de P. Blanco Suárez] |
||
| 250 | _a1ª ed | ||
| 260 |
_aBuenos Aires _bEspasa-Calpe Argentina _c1947 |
||
| 300 |
_a389 p. _b18 cm |
||
| 490 |
_aAustral _v712 |
||
| 700 |
_9610 _aBlanco Suárez, Pedro |
||
| 942 |
_2ddc _cBK |
||
| 999 |
_c527 _d527 |
||